[Event "World Team-ch Women 2017"]
[Site "Khanty-Mansyisk"]
[Date "2017.06.23"]
[Round "6"]
[White "Khotenashvili, Bela"]
[Black "Vo, Thi Kim Phung"]
[Result "1-0"]
[WhiteElo "2452"]
[BlackElo "2378"]
[Annotator "TA"]
[PlyCount "127"]
[EventDate "2017.??.??"]
[EventType "team-tourn"]
[EventCountry "RUS"]
[SourceTitle "playchess.com"]
[Source "ChessBase"]
[SourceQuality "1"]
[WhiteTeam "GEO"]
[BlackTeam "VIE"]
[WhiteTeamCountry "GEO"]
[BlackTeamCountry "VIE"]

{[%evp 24,127,12,-28,0,0,0,0,0,3,41,36,37,35,57,64,80,81,52,-7,-15,0,0,0,0,-12,0,0,0,-61,-58,-55,-52,-65,-58,-80,-77,-88,-102,-84,-84,-89,-83,-176,-51,-51,-35,-187,-154,-235,-52,-68,-65,-31,-70,-60,0,-247,-230,-209,-14,-16,38,0,93,36,87,93,87,64,58,71,118,118,118,118,118,118,116,134,532,184,222,0,523,158,181,103,595,587,629,629,629,629,629,587,587,593,734,733,904,914,893,856,29958,5276]} 1. d4 Nf6 2. c4 e6 3. g3 d5 4. Nf3 Bb4+ 5. Bd2 Be7 6. Bg2 c6 7. Qc2 Nbd7 8. O-O O-O 9. Rd1 b6 10. Bf4 Nh5 11. Bc1 Nhf6 12. b3 Ba6 13. Nc3 Rc8 {E08: Closed Catalan: Main Line: 7 Qc2} 14. e4 (14. Bf4 h6 15. e4 dxc4 16. Nd2 b5 17. bxc4 bxc4 18. Bf1 Nb6 19. a4 g5 20. Be3 Ng4 21. a5 Nxe3 22. fxe3 Nd7 23. Bxc4 Bb5 {0-1 (63) Wojtaszek,R (2749)-Karjakin,S (2785) Doha 2016}) 14... dxc4 15. Bf4 Bb4 {The position is equal.} 16. Nd2 c5 17. d5 e5 18. Bg5 cxb3 19. axb3 c4 {aiming for ...cxb3.} 20. Rxa6 cxb3 {[#]} 21. Qb1 $146 (21. Qxb3 $14 Bxc3 22. Rxa7) ({Predecessor:} 21. Qxb3 Bxc3 22. Rxa7 {1-0 (33) Nielsen,P (2620)-Beliavsky,A (2650) Bled 2002}) 21... Rxc3 $11 22. Nxb3 Nc5 $36 {[%mdl 2048] Black is pushing.} 23. Nxc5 Bxc5 24. Bd2 (24. Qa2 {seems wilder.} Qd6 25. Rxa7 Ng4 26. Be7 Qh6 27. Bxc5 Qxh2+ 28. Kf1) 24... Ra3 (24... Qc8 $5 {[%cal Rc5f2]} 25. Ra2 (25. Bxc3 Qxa6 26. Bf3 Re8 $11) (25. Rxa7 Bxf2+ 26. Kh1 Rc4 $15) 25... Ra3 26. Rxa3 Bxa3 $11) 25. Rxa3 Bxa3 26. Qa1 (26. Qa2 $11 Qd6 27. Ra1) 26... Qe7 $1 $15 27. Bc3 Bd6 28. Qa6 Bc5 (28... Qc7 $5 {[%cal Rc7c3]} 29. Rc1 Nd7 $15) 29. Be1 Rb8 30. Rc1 h6 31. Bf3 b5 {[%cal Bb6b5,Bb5b4][%mdl 32]} 32. Ba5 b4 {Hoping for ...b3.} 33. Qc4 (33. Kg2 $17) 33... Bd6 (33... b3 $1 $19 34. Bc3 Bd4 $1 {[%mdl 512]}) 34. Bd1 Qd7 {And now ...Qb5 would win.} 35. Bb3 $2 (35. Qc6 $15) 35... Qg4 36. Re1 (36. h3 $17 {keeps fighting.} Qxh3 37. Qd3) 36... Qc8 $2 (36... Rc8 $19 37. Qa6 Qh3) 37. Qc6 Ne8 38. Rc1 Qg4 39. Qc4 Nf6 $2 (39... Qf3 $15) 40. Re1 $1 $19 Rc8 41. Qa6 {[#]} Bc5 $2 (41... Nxe4 42. Bd1 $14) (41... Qh3 $1 $19 42. Bd1 (42. Qxd6 $2 Ng4 $19) 42... Bc5) 42. Kg2 $1 $11 {Strongly threatening f3.} Rf8 ({Black should try} 42... Bf8 $11 43. f3 Qd7) 43. Qc4 Bd4 (43... Bd6 $1 $11 {remains equal.}) 44. Qxb4 (44. f3 $16 Qg5 45. Qxb4 (45. Bxb4 Rb8 $14)) 44... Qg6 (44... Nh5 $14 45. Bd1 Nf4+ 46. Kh1 Qh3 47. gxf4 Bxf2 48. fxe5 Bxe1 49. Qxe1 Rb8) 45. d6 $16 Nd7 46. Bc7 Nc5 {White should prevent ...Nd3.} 47. Bc4 Qf6 {[#]} 48. f3 $1 h5 49. Rd1 Ne6 50. Bxe6 Qxe6 51. Qa4 Qc8 $2 {[%mdl 8192]} (51... Bb6 $16 52. Rd5 h4 53. Bxb6 axb6) 52. Qc6 $2 (52. Rc1) 52... Qe6 {With the idea ...Qa2+.} 53. Qa4 $2 (53. Qd5 Bb6 54. Rb1) 53... Qc8 $18 54. Rb1 $2 (54. Rc1 $18) 54... Bb6 $16 55. Rc1 (55. Qc6 $18) 55... Qb7 $2 {[%mdl 8192]} (55... Qe6 $16 56. d7 Bxc7 57. Rxc7 h4 58. gxh4 (58. Qxa7 hxg3 59. hxg3 Rd8 $16) 58... Rd8 59. Qxa7 Kh7) 56. Qb5 $18 Qc8 57. d7 Qxc7 58. Rxc7 Bxc7 {[%mdl 4096] Endgame KQ-KRB} 59. Qc5 Bd8 60. Qxe5 Bf6 61. Qxh5 Rb8 62. Qa5 Ra8 63. e5 Bd8 64. Qa6 {Precision: White = 41%, Black = 35%.} (64. Qc5 $142 Kh7 65. Qc8 Rxc8 66. dxc8=Q Bb6 67. Qe8 Bc5 68. Qxf7 Bb4 69. Qxa7) 1-0

[Event "World Team-ch Women 2017"]
[Site "Khanty-Mansyisk"]
[Date "2017.06.23"]
[Round "6"]
[White "Zhukova, Natalia"]
[Black "Mamedjarova, Zeinab"]
[Result "1-0"]
[WhiteElo "2449"]
[BlackElo "2289"]
[Annotator "TA"]
[PlyCount "127"]
[EventDate "2017.??.??"]
[EventType "team-tourn"]
[EventCountry "RUS"]
[SourceTitle "playchess.com"]
[Source "ChessBase"]
[SourceQuality "1"]
[WhiteTeam "UKR"]
[BlackTeam "AZE"]
[WhiteTeamCountry "UKR"]
[BlackTeamCountry "AZE"]

{[%evp 14,127,39,35,38,41,40,42,36,28,41,35,47,37,47,47,37,44,70,71,57,58,52,52,58,44,44,43,43,43,79,42,47,42,43,41,41,41,62,41,67,44,54,54,54,54,54,48,69,63,64,66,81,62,62,64,101,63,58,50,94,79,84,73,68,75,99,104,111,115,134,135,187,175,204,212,202,198,124,136,150,132,162,141,94,131,122,133,123,59,56,0,414,403,395,395,626,641,610,597,533,522,1447,1304,1234,1083,927,833,767,747,450,464,29991,29992,29992,29993]} 1. d4 {[%cal Bd2d4,Bd4d5][%mdl 32]} d5 2. c4 dxc4 3. e4 Nc6 4. Nf3 Bg4 5. d5 Ne5 6. Bf4 Ng6 7. Be3 Nf6 8. Nc3 e5 {D07: Queen's Gambit: Chigorin Defence} 9. Bxc4 a6 10. Be2 (10. O-O {looks sharper.} Bd6 11. a3 O-O 12. h3 Bd7 13. Qc2) 10... Bd6 {White is slightly better.} 11. Nd2 Bd7 12. O-O O-O 13. g3 Qe7 {[#]} 14. Nc4 $146 ({Predecessor:} 14. Rc1) 14... Bb4 15. Bg5 Bxc3 16. bxc3 h6 17. Bxf6 $1 Qxf6 18. Ne3 Rfd8 19. Bg4 Nf8 20. Rb1 b6 21. c4 a5 22. Qe2 (22. c5 $5) 22... Bxg4 23. Qxg4 Nd7 24. h4 Nc5 25. Kg2 Kh7 26. h5 Qg5 27. Qf3 Rd6 28. Qf5+ ({Don't go for} 28. Qxf7 $2 Rf6 $19) 28... Qxf5 29. Nxf5 Rd7 30. f3 g6 31. Ne3 Kg7 32. Rh1 Rh8 33. Rh2 Nb7 34. Rc1 Rdd8 35. Kh3 Rde8 36. Rd2 Rd8 37. Kg2 Rd7 38. Ng4 Re7 39. hxg6 fxg6 40. Nf2 Nc5 41. Nd3 Nxd3 42. Rxd3 $16 {[%mdl 4096] Endgame KRR-KRR} c5 (42... h5 $16 {was worth a try.} 43. a4 Rb8) 43. d6 Rd7 44. Rb1 Rb8 45. f4 Kf6 46. Rd5 exf4 47. gxf4 Ke6 48. e5 Rf7 49. Kg3 g5 50. Rh1 gxf4+ 51. Kf3 Rh8 52. Rg1 (52. Rb1 $14) 52... Kd7 $2 {[%mdl 8192] [#]} (52... h5 $11 {and Black is okay.}) 53. Rg6 $18 Re8 54. Rxh6 a4 (54... Rg7 $142 55. Kxf4 Rf8+ 56. Rf6 Re8) 55. a3 Rg7 56. Kxf4 Rf7+ 57. Ke4 Rg7 58. Kf5 Rg1 59. e6+ {[%cal Be5e6,Be6e7][%mdl 32]} Kc6 60. d7 Rf8+ 61. Ke4 {[#] Intending e7+ and mate.} Re1+ 62. Kd3 {White wants to mate with e7+.} Rd1+ (62... Kc7 $18 63. Kd2 Re4) 63. Kc2 Rxd5 64. e7+ {Precision: White = 67%, Black = 43%.} 1-0

[Event "World Team-ch Women 2017"]
[Site "Khanty-Mansyisk"]
[Date "2017.06.23"]
[Round "6"]
[White "Zatonskih, Anna"]
[Black "Ju, Wenjun"]
[Result "1/2-1/2"]
[WhiteElo "2419"]
[BlackElo "2583"]
[Annotator "TA"]
[PlyCount "63"]
[EventDate "2017.??.??"]
[EventType "team-tourn"]
[EventCountry "RUS"]
[SourceTitle "playchess.com"]
[Source "ChessBase"]
[SourceQuality "1"]
[WhiteTeam "USA"]
[BlackTeam "CHN"]
[WhiteTeamCountry "USA"]
[BlackTeamCountry "CHN"]

{[%evp 21,63,0,0,0,0,0,0,0,0,0,4,0,0,0,0,-18,0,-36,-31,-36,-25,-28,-35,-39,-36,-30,0,0,0,0,0,0,0,0,0,0,0,0,0,0,0,0,0,0]} 1. d4 Nf6 2. Nf3 d5 3. c4 e6 4. g3 Bb4+ 5. Bd2 Be7 6. Bg2 O-O 7. O-O c6 8. Qc2 b6 9. Rd1 Nbd7 10. Bf4 Bb7 11. Nc3 dxc4 12. Nd2 {E08: Closed Catalan: Main Line: 7 Qc2} Nd5 13. Nxc4 Nxf4 14. gxf4 Qc7 15. e3 Rfd8 16. Rac1 Rac8 17. Qb3 {[#]} g6 $146 ({Predecessor:} 17... Bf8 18. a3 Nf6 19. Ne5 c5 20. Bxb7 Qxb7 21. dxc5 Bxc5 22. Rxd8+ Rxd8 {0-1 (61) Lin,Y (2276)-Zhao,J (2634) China 2016}) 18. Ne5 Nxe5 19. fxe5 c5 20. Nb5 Qb8 21. Bxb7 Qxb7 22. dxc5 Rxd1+ 23. Qxd1 {With the idea Nd6.} Rxc5 (23... bxc5 {looks sharper.} 24. Qe2 Qd5 25. Nd6 Bxd6 26. exd6 Qxa2 27. Rd1 Qa4) 24. Rxc5 {The position is equal.} bxc5 25. Nd6 Qxb2 26. Qf3 Bxd6 27. exd6 $11 {KQ-KQ} Qd2 28. Qc6 Qd1+ 29. Kg2 Qg4+ 30. Kf1 Qd1+ 31. Kg2 Qg4+ 32. Kf1 {Precision: White = 81%, Black = 89%.} 1/2-1/2

[Event "World Team-ch Women 2017"]
[Site "Khanty-Mansyisk"]
[Date "2017.06.23"]
[Round "6"]
[White "Guo, Qi"]
[Black "Yu, Jennifer R"]
[Result "1/2-1/2"]
[WhiteElo "2417"]
[BlackElo "2319"]
[Annotator "TA"]
[PlyCount "82"]
[EventDate "2017.??.??"]
[EventType "team-tourn"]
[EventCountry "RUS"]
[SourceTitle "playchess.com"]
[Source "ChessBase"]
[SourceQuality "1"]
[WhiteTeam "CHN"]
[BlackTeam "USA"]
[WhiteTeamCountry "CHN"]
[BlackTeamCountry "USA"]

{[%evp 27,82,44,42,27,27,18,22,18,18,16,28,30,55,46,70,66,72,56,50,61,64,56,78,77,87,83,86,71,61,56,47,44,44,44,49,35,35,25,27,23,34,0,0,0,0,0,0,5,6,0,6,13,28,0,35,0,35]} 1. d4 d5 2. c4 c6 3. Nf3 Nf6 4. e3 g6 5. Nc3 Bg7 6. Bd3 O-O 7. O-O dxc4 8. Bxc4 Bg4 9. h3 Bxf3 10. Qxf3 Nbd7 11. Rd1 e5 12. d5 e4 13. Nxe4 Nxe4 14. Qxe4 Nb6 15. Bb3 {D94: Grünfeld: 4 Nf3 Bg7 5 e3} cxd5 16. Qf3 (16. Qg4 {is interesting.} h5 17. Qe2 Rc8 18. Rb1 Qe7 19. Bd2) 16... Qf6 17. Qxf6 Bxf6 18. Rb1 Rfd8 19. Bd2 Rac8 20. Ba5 Rc5 21. Bxb6 axb6 {[#]} 22. g3 $146 ({Predecessor:} 22. Rd2 Kg7 {1-0 (46) Gustafsson,J (2646)-Boric,M (2377) Plovdiv 2010}) 22... d4 23. e4 {[%cal Be3e4,Be4e5,Be5e6][%mdl 32]} b5 24. Kg2 b6 25. Rd3 Kg7 26. f4 Rc7 27. Re1 Be7 28. e5 Bc5 29. g4 {[%cal Bg3g4,Bg4g5][%mdl 32]} f6 30. e6 f5 31. Re5 Kf6 32. Kf3 h5 33. g5+ Ke7 34. Re1 b4 35. Rc1 Ra7 36. Rcd1 Rda8 37. Ra1 Rd8 38. Rad1 Rd6 39. Re1 Rd8 40. Red1 Rd6 41. Re1 Rd8 {Precision: White = 55%, Black = 70%.} 1/2-1/2

[Event "World Team-ch Women 2017"]
[Site "Khanty-Mansyisk"]
[Date "2017.06.23"]
[Round "6"]
[White "Szczepkowska, Karina"]
[Black "Moaataz, Ayah"]
[Result "1-0"]
[WhiteElo "2414"]
[BlackElo "2020"]
[Annotator "TA"]
[PlyCount "114"]
[EventDate "2017.??.??"]
[EventType "team-tourn"]
[EventCountry "RUS"]
[SourceTitle "playchess.com"]
[Source "ChessBase"]
[SourceQuality "1"]
[WhiteTeam "POL"]
[BlackTeam "EGY"]
[WhiteTeamCountry "POL"]
[BlackTeamCountry "EGY"]

{[%evp 11,114,19,0,0,0,0,29,27,33,37,79,69,76,72,72,68,90,44,18,9,0,-16,-19,-27,-15,-78,-91,-67,-45,-57,-33,-55,-52,-81,-66,-104,0,0,-5,-46,-34,-384,-379,-415,-419,-423,-414,-407,-420,-409,-385,-343,-362,-338,-385,-393,-403,-382,-299,-267,-270,-354,-183,-238,-186,-202,-203,-301,-306,-275,0,-190,-193,-178,-167,-264,-259,-327,-333,-321,-205,-202,-16,-8,8,14,29984,29985,29987,29946,29976,29977,29977,29978,29986,29988,29989,29990,29990,29984,29984,29982,29983,29984,29989]} 1. e4 c6 2. d4 d5 3. e5 Bf5 4. h4 h5 5. Bd3 Bxd3 6. Qxd3 e6 7. Bg5 {B12: Caro-Kann: Advance Variation} Qb6 (7... Be7 8. Nf3 Nh6 9. Nc3 Nf5 10. Ne2 c5 11. dxc5 Qa5+ 12. c3 Qxc5 13. Bxe7 Kxe7 14. Ned4 Nxd4 15. Nxd4 {0-1 (32) Adams,M (2761)-Svidler,P (2741) Shenzhen 2017}) 8. Nd2 Ne7 9. Ngf3 {White has an edge.} Nd7 10. O-O Rc8 $146 ({Predecessor:} 10... Nf5 11. c4 Qa6 12. Qb3 Nb6 13. Rfc1 dxc4 14. Nxc4 Nxc4 15. Rxc4 {½-½ (36) Van Kampen,R (2626)-Goryachkina,A (2451) Jerusalem 2015}) 11. c4 Qa6 12. b3 Nf5 13. Qc2 b6 14. a4 Bb4 15. Rfc1 {Strongly threatening cxd5.} O-O 16. Nf1 c5 17. dxc5 dxc4 ({Much worse is} 17... Nxc5 18. cxd5 Nd3 19. Qe2 $14) 18. bxc4 (18. cxb6 $11 cxb3 19. Qxb3 Qxb6 20. Ne3) 18... Bxc5 $17 19. N1d2 Qb7 20. Ne4 Qb8 21. Bf4 Be7 22. Rd1 Rfd8 23. Nd6 Nxd6 (23... Bxd6 $1 $17 24. exd6 Qb7) 24. exd6 $11 Bf6 25. Ra3 (25. Ng5 {is interesting.} Nf8 26. Rab1 e5 27. Be3 Bxg5 28. hxg5 Rxd6 29. c5) 25... Rc6 26. Rad3 $2 {[%mdl 8192]} (26. Ng5 $15 Bxg5 27. hxg5) 26... e5 $19 {[%cal Be6e5,Be5e4][%mdl 32]} 27. Bg3 e4 $1 {[%csl LRd3,LRf3]} 28. Rd5 exf3 29. Rxh5 {Intending Qh7+ and mate.} g6 30. Rhd5 Rdc8 31. h5 Rxc4 32. Qd2 {and the idea hxg6 leaves White hopeful.} Kg7 33. hxg6 fxg6 34. gxf3 Re8 35. Kg2 Rc5 36. Rd4 Rh5 (36... Qb7 $142 37. Rf4 Qc6) 37. Rg4 (37. Rc4 {was called for.}) 37... Re6 38. Rc1 Nc5 39. d7 (39. Rd1 $142) 39... Qd8 40. Qc2 Be5 $2 ({Black should try} 40... g5 $19 {And now ...Re7 would win.} 41. Rd1 Re7) 41. Re1 $2 (41. Rh1 $11 {and White stays safe.} Rxh1 42. Bxe5+ Kf8 43. Kxh1 Rxe5 44. Qxg6) 41... Nxd7 {Hoping for ...Qf6.} 42. f4 Qa8+ 43. f3 (43. Qe4 $142 Qxe4+ 44. Rxe4) 43... Rf6 44. Qd1 {[#]} Bd6 $1 45. Bh4 Rd5 ({Weaker is} 45... Rxf4 46. Rxf4 Bxf4 47. Qxd7+ Kh6 48. Re8 $16) 46. Qc2 Rff5 $2 (46... Qf8 $19 47. Bxf6+ Qxf6) 47. Re6 $11 {[%cal Be1e6,Be6g6,Bg6g7,Bg7e7][%mdl 32]} Kf7 (47... Bxf4 48. Rexg6+ Kh8 49. Rxf4 $18) (47... Ne5 $5 {[%cal Rd5d2]} 48. Rg3 (48. fxe5 $2 Rd2+ 49. Qxd2 Qxf3+ 50. Kh2 Qxg4 $19) 48... Nd3 49. Rgxg6+ Kf8 50. Rxd6 Nxf4+ 51. Kf2 Nxg6 52. Rd8+ Qxd8 53. Bxd8 Nf4 $11) 48. Rexg6 Bxf4 $2 {[%mdl 8192] [#]} (48... Bf8 $11) 49. Rg7+ {White mates.} Ke6 50. Qe4+ Be5 51. Re7+ Kd6 52. Qxf5 Rd2+ 53. Kf1 {[%cal Bg2f1,Bf1e2,Be2d2][%mdl 32]} Rd1+ 54. Ke2 Rd2+ 55. Kxd2 Qd5+ 56. Qd3 Qxd3+ 57. Kxd3 Nc5+ {Precision: White = 53%, Black = 39%.} 1-0

[Event "World Team-ch Women 2017"]
[Site "Khanty-Mansyisk"]
[Date "2017.06.23"]
[Round "6"]
[White "Hoang, Thi Bao Tram"]
[Black "Javakhishvili, Lela"]
[Result "1/2-1/2"]
[WhiteElo "2380"]
[BlackElo "2447"]
[Annotator "TA"]
[PlyCount "76"]
[EventDate "2017.??.??"]
[EventType "team-tourn"]
[EventCountry "RUS"]
[SourceTitle "playchess.com"]
[Source "ChessBase"]
[SourceQuality "1"]
[WhiteTeam "VIE"]
[BlackTeam "GEO"]
[WhiteTeamCountry "VIE"]
[BlackTeamCountry "GEO"]

{[%evp 18,76,0,-8,-3,-9,-12,-16,-8,-33,0,-16,-5,-12,0,-9,-9,-11,-8,-17,0,0,0,0,71,66,68,59,133,106,101,111,167,170,172,166,160,165,154,152,175,172,180,136,225,234,214,179,263,156,156,156,156,156,156,156,156,155,151,116,116]} 1. d4 Nf6 2. c4 c5 3. e3 g6 4. Nf3 Bg7 5. Be2 O-O 6. O-O cxd4 7. exd4 d5 8. Nc3 Nc6 9. h3 Bf5 10. Be3 Rc8 {D94: Grünfeld: 4 Nf3 Bg7 5 e3} (10... dxc4 11. Bxc4 Rc8 12. a3 Ne4 13. Ba2 Nxc3 14. bxc3 Na5 15. Re1 Rxc3 16. Bd2 Rd3 17. Bb1 Rxd2 18. Nxd2 Qxd4 19. Ra2 Be6 20. Rc2 Nc6 21. Qf3 {0-1 (56) Sammalvuo,T (2464)-Nielsen,P (2662) Dresden 2008}) 11. c5 Ne4 12. Na4 $146 ({Predecessor:} 12. Rc1 Nxc3 13. bxc3 b6 14. Ba6 Rb8 15. Bf4 e5 16. dxe5 bxc5 17. Bd3 Be6 18. Qd2 Qd7 19. Rfe1 Rbe8 {½-½ (19) Skare,G (2279)-Klasan,V (2365) Belgrade 2011}) 12... h6 {The position is equal.} 13. a3 g5 14. b4 {[%cal Bb2b4,Bb4b5,Bb5b6][%mdl 32]} e6 15. Rc1 Bh7 16. b5 Ne7 17. Bd2 Nf5 18. Bb4 Re8 19. b6 $36 {[%mdl 2048] White has the initiative.} Ne7 20. Bb5 a6 (20... Nc6 $1 $11) 21. Bxe8 $16 Qxe8 22. Nc3 f6 (22... Nc6 $14) 23. Ne2 Nc6 24. Nd2 Rd8 {[#]} (24... Nxd2 $16 {keeps fighting.} 25. Qxd2 h5) 25. Nb3 $1 $18 f5 26. f3 {[%cal Bf2f3,Bf3f4][%mdl 32]} Nf6 27. Na5 Nxa5 28. Bxa5 Qc6 29. Be1 Nd7 30. Bf2 Nb8 (30... f4 $16 {is a better defense.} 31. Re1 Bf6) 31. f4 Qe8 32. Rc3 Qe7 (32... g4 $142 33. Nc1 h5) 33. h4 ({Better is} 33. Rg3 $18) 33... g4 $16 34. Re1 Nc6 35. Nc1 Bg6 36. Nb3 Be8 37. Rce3 Bd7 38. Qd2 Rc8 {Precision: White = 73%, Black = 55%.} 1/2-1/2

[Event "World Team-ch Women 2017"]
[Site "Khanty-Mansyisk"]
[Date "2017.06.23"]
[Round "6"]
[White "Padmini, Rout"]
[Black "Gunina, Valentina"]
[Result "0-1"]
[WhiteElo "2375"]
[BlackElo "2504"]
[Annotator "TA"]
[PlyCount "76"]
[EventDate "2017.??.??"]
[EventType "team-tourn"]
[EventCountry "RUS"]
[SourceTitle "playchess.com"]
[Source "ChessBase"]
[SourceQuality "1"]
[WhiteTeam "IND"]
[BlackTeam "RUS"]
[WhiteTeamCountry "IND"]
[BlackTeamCountry "RUS"]

{[%evp 21,76,23,27,21,37,21,25,-42,-30,-33,-39,-39,0,0,0,-9,-7,-3,0,-59,0,0,10,-29,-23,-47,-32,-37,0,-34,0,0,0,0,0,0,0,0,0,0,0,0,0,0,0,-288,-293,-279,-270,-368,-358,-841,-880,-1072,-1048,-29997,-29998]} 1. e4 c6 2. d4 d5 3. e5 Bf5 4. Nf3 e6 5. Be2 Ne7 6. O-O h6 7. Nbd2 {B12: Caro-Kann: Advance Variation} Nd7 8. Nb3 g5 (8... Qc7 9. Bd2 g5 10. c4 a5 11. Rc1 dxc4 12. Bxc4 Bg7 13. Re1 O-O 14. h4 g4 {1-0 (39) Vachier Lagrave,M (2804)-Tomashevsky,E (2716) Doha 2016}) 9. a4 a5 10. Bd2 Bg7 11. Ne1 c5 {LiveBook: 3 Games} 12. Bb5 Nc6 $1 13. c3 {[#]} O-O $146 ({Predecessor:} 13... c4 14. Nc1 Na7 15. Bxd7+ Qxd7 {1-0 (66) Volokitin,A (2688)-Iordachescu,V (2609) Mamaia 2013}) 14. Bxc6 (14. f4 $11) 14... bxc6 $15 15. Nxc5 Nxc5 16. dxc5 Bxe5 17. f4 $1 {[%cal Rf4e5]} Bg7 {White should prevent ...f6.} 18. fxg5 hxg5 19. Nf3 Qe7 20. Nxg5 (20. Bxg5 $11 Qxc5+ 21. Nd4) 20... f6 (20... Qxc5+ $15 21. Kh1 Qd6) 21. Nf3 $11 Qxc5+ 22. Kh1 Be4 23. Qe1 Qd6 24. Be3 c5 25. Nd2 Bd3 26. Rf3 {[#] And now Bxc5! would win.} c4 27. b3 f5 $36 {[%mdl 2048] Threatens to win with ...f4. Black is pushing.} 28. bxc4 dxc4 {...f4 is the strong threat.} 29. Qh4 $1 e5 30. Nxc4 Qe6 31. Nxe5 Bxe5 ({But not} 31... Qxe5 $2 32. Bd4 $18) 32. Bd4 $1 Be4 33. Rh3 $2 {[%mdl 8192]} (33. Bxe5 $11 {and White stays safe.} Qxe5 34. Rg3+ Kf7 35. Rd1) 33... Qg6 $19 {[%csl Ge4][%cal Rg6g2] [#]} 34. Rg1 Rab8 35. Re3 Rb1 {[%csl Gg6][%cal Re4g2]} ({Not} 35... Bxd4 36. Rg3 $19) 36. Rxe4 $2 (36. Re2 Rxg1+ 37. Kxg1 Bxd4+ 38. cxd4) 36... Rxg1+ 37. Kxg1 fxe4 38. Bxe5 Qb6+ {Precision: White = 51%, Black = 72%.} 0-1

[Event "World Team-ch Women 2017"]
[Site "Khanty-Mansyisk"]
[Date "2017.06.23"]
[Round "6"]
[White "Mammadzada, Gunay"]
[Black "Gaponenko, Inna"]
[Result "0-1"]
[WhiteElo "2368"]
[BlackElo "2429"]
[Annotator "TA"]
[PlyCount "115"]
[EventDate "2017.??.??"]
[EventType "team-tourn"]
[EventCountry "RUS"]
[SourceTitle "playchess.com"]
[Source "ChessBase"]
[SourceQuality "1"]
[WhiteTeam "AZE"]
[BlackTeam "UKR"]
[WhiteTeamCountry "AZE"]
[BlackTeamCountry "UKR"]

{[%evp 23,115,57,57,54,61,59,66,62,58,57,56,54,57,44,68,74,74,76,82,68,127,138,128,15,15,15,15,0,18,0,51,60,88,75,77,84,226,190,218,218,201,210,356,110,114,36,94,34,17,5,0,15,41,0,24,-69,-74,-379,-379,-372,-368,-357,-357,-366,-363,-344,-291,-284,-242,-273,-191,-614,-606,-725,-725,-822,-816,-1181,-1051,-873,-516,-873,-866,-748,-731,-715,-634,-981,-775,-12832,-12829,-6051,-4710,-1522]} 1. e4 c5 2. Nf3 Nc6 3. d4 cxd4 4. Nxd4 g6 5. c4 Nf6 6. Nc3 d6 7. f3 Bg7 8. Be3 O-O 9. Be2 Nxd4 10. Bxd4 Be6 11. O-O Nd7 {B38: Sicilian: Maroczy Bind with 5...Bg7 and 7...0-0} (11... Qa5 12. Rc1 Rfc8 13. b3 a6 14. f4 b5 15. f5 Bd7 16. Bxf6 Bxf6 17. Nd5 Bg5 18. Rc3 e6 19. Rg3 Bh4 20. Rg4 {1-0 (30) Efimenko,Z (2651)-Korobov,A (2692) Rivne 2016}) 12. Bxg7 Kxg7 {LiveBook: 3 Games} 13. Kh1 a5 {White is slightly better.} 14. b3 Nc5 15. f4 f6 16. Qd2 Qb6 17. Rab1 Qb4 18. Qe3 $146 ({Predecessor:} 18. Qd4 Qb6 19. Qf2 {½-½ (62) Birk,S (2244)-Krumphals,F (2148) Austria 2014}) 18... Qb6 19. Rf3 Nd7 20. Qd2 Qc5 21. Rbf1 Nb6 (21... Kh8 $14) 22. f5 $16 Bf7 23. Nd5 (23. Rh3 g5 $14) (23. fxg6 $6 hxg6 24. Nd5 Bxd5 $11) ({White should play} 23. e5 $16) 23... Bxd5 $11 24. exd5 {Threatens to win with fxg6.} Nd7 $1 25. h4 Ne5 26. Rg3 a4 ({Black should try} 26... Rg8 $11) 27. b4 $36 {[%mdl 2048] White has good play.} Qb6 28. a3 Rac8 29. Rf4 Qa7 (29... Rg8 $16) 30. Bd3 Rh8 31. Qe2 b5 32. fxg6 h6 {[#]} (32... h5 $142 33. Qd2 (33. cxb5 Rc3 $11) 33... bxc4) 33. Kh2 $2 (33. cxb5 Rc3 $11) (33. c5 $1 $18) 33... bxc4 $16 {[#]} 34. Bxc4 (34. Bf5 $1 $16) 34... Rc7 (34... h5 $14) 35. Bb5 (35. h5 $16) 35... Rc1 $1 $14 {( -> ...Qg1+)} 36. Qe3 Qxe3 37. Rxe3 h5 38. Kg3 Kxg6 39. Bxa4 (39. Rf1 $11 Rc2 40. Bxa4) 39... Kf7 $15 40. Re2 $2 {[%mdl 8192]} (40. Kf2 $17) 40... Rg8+ $19 41. Kh2 Ng4+ 42. Rxg4 Rxg4 {[%mdl 4096] Endgame KRR-KRB} ({Less strong is} 42... hxg4 43. Re3 $17) 43. g3 Rc3 44. Bd7 {Hoping for Be6+.} Rd4 ({Not} 44... Rcxg3 45. Be6+ Kf8 46. b5 $11 (46. Bxg4 Rxg4 47. b5 Rxh4+ 48. Kg2 Ra4 $15)) 45. Be6+ Kg7 46. Ra2 Kg6 47. Kg2 $2 (47. Bd7) 47... Rdd3 {Black is clearly winning.} 48. a4 Rxg3+ 49. Kh2 f5 50. Bd7 Rh3+ 51. Kg1 Ra3 52. Rxa3 (52. Rg2+ $142 Kf6 53. Rg5 Rxh4 54. Rxf5+ Kg6 55. b5) 52... Rxa3 {KR-KB} 53. a5 Kf6 54. Be8 Ke5 55. Bxh5 Ra4 56. Bg6 Rxb4 57. h5 Ra4 58. Bf7 {Precision: White = 35%, Black = 53%.} 0-1